000 00452nam a2200181Ia 4500
008 090124s9999 xx 000 0 und d
082 _b29899
_a7264
100 _aखरे नंदा
245 _a संप्रति
250 _a1
260 _c1998
300 _a206
600 _aखरे नंदा
630 _a संप्रति
700 _aखरे नंदा
730 _a संप्रति
942 _cBOOK
999 _c143381
_d143381